000
00273nam a22001097a 4500
082
_a
621.3 JON'F
100
_a
JONLE, F. L
_9
79957
245
_a
FUNDAMENTAL PROCESSES OF ELECTRICAL CONTACT PHENOMENA
260
_a
LONDON
_b
HER MAJESTY'S
_c
1952
300
_a
66P
942
_c
BK
999
_c
584935
_d
584935